| 000 | 00424cam a2200157ua 4500 | ||
|---|---|---|---|
| 041 |
_aeng _h |
||
| 082 |
_a828.09 _bTHW/CO |
||
| 100 | _aThwaite, Anthony . | ||
| 245 |
_aContemporary English poetry: An Introduction / _cAnthony Thwaite. _hTextual Documents |
||
| 250 |
_a1 / _b. |
||
| 260 |
_aLondon : _bHeinemann Educational Books Ltd. , _c1964. |
||
| 300 | _a176 ; . | ||
| 504 | _a | ||
| 942 | _cBK | ||
| 999 |
_c3927 _d3927 |
||